000 00315nam a2200133Ia 4500
008 150201s2010 xx 000 0 und d
082 _a617.3
_bC010E
100 _aEBNEZER, JOHN
245 _aCOMMON ORTHOPEDIC PROBLEMS
250 _a1ST
260 _bCBS
_aDELHI
_c2010
650 _aORTHOPAEDICS
942 _2ddc
_cBK
_01
999 _c691
_d691